000 00443nam a2200145Ia 4500
008 221007s9999 xx 000 0 und d
041 _aeng
082 _bBIN
100 _aBina Goklaney - 2k181022 & Dr. Sonali Parchure - Guide
_9105120
245 _aLeveraging Artifical Intelligence In Financial Services Industry
260 _c2019
_bSavitribai Phule Pune University
_aPune
300 _a73p
_cHard Bound
440 _v1
906 _bGeneral
999 _c80020
_d80020